| 000 | 00661nam a22002057a 4500 | ||
|---|---|---|---|
| 999 |
_c159204 _d159204 |
||
| 010 | _aB-78147 | ||
| 020 | _c75.00 | ||
| 035 | _aB-78147 | ||
| 037 |
_aDBAD/PUB _bMastermind Books |
||
| 082 |
_22002 _a158 |
||
| 100 | _aHill,Na[polean | ||
| 245 |
_aYou Can Work On Your Miracles _cHill,Na[polean _hEnglish |
||
| 246 | _aयू कैन वर्क ओं योर मिराक्लेस | ||
| 250 | _a2002 | ||
| 260 |
_aBanglore _bMastermind Books _c2002 |
||
| 270 | _a45/46,M.V.M,Castello,Dr T.C.M Royan Road | ||
| 300 |
_a160Pages _c17CM,PBK |
||
| 700 | _aHill,Na[polean | ||
| 942 |
_2ddc _cEN _e2002 _h158 _khill _mHill,Na[polean |
||